Loading...
| History - European | 0 | 3 | 0 | 1 | 30 | 66 | 99.67 | 1 | 2 | 6.77 | 22.00 |
| Fine Arts - Classical Music | 0 | 2 | 0 | 0 | 20 | 123 | 125.50 | 0 | 0 | 0.31 | 4.00 |
| Religion | 0 | 2 | 0 | 1 | 20 | 105 | 107.00 | 0 | 1 | 0.00 | 4.00 |
| Mythology | 0 | 2 | 0 | 1 | 20 | 107 | 112.00 | 0 | 0 | 2.01 | 8.00 |
| Science - Biology | 0 | 2 | 0 | 0 | 20 | 114 | 114.00 | 0 | 1 | 0.00 | 4.00 |
| Literature - World | 0 | 1 | 0 | 0 | 10 | 121 | 121.00 | 0 | 0 | 1.23 | 4.00 |
| Philosophy | 0 | 1 | 0 | 1 | 10 | 127 | 127.00 | 0 | 1 | 0.00 | 2.00 |
| Current Events | 0 | 1 | 0 | 0 | 10 | 90 | 90.00 | 0 | 1 | 10.08 | 20.00 |
| Fine Arts - Other | 0 | 1 | 0 | 0 | 10 | 146 | 146.00 | 0 | 0 | 0.00 | 2.00 |
| Fine Arts - Painting and Sculpture | 0 | 1 | 0 | 0 | 10 | 85 | 85.00 | 0 | 1 | 3.41 | 6.00 |
| History - American | 0 | 1 | 0 | 0 | 10 | 81 | 81.00 | 1 | 1 | 3.41 | 10.00 |
| History - World | 0 | 1 | 0 | 1 | 10 | 102 | 102.00 | 0 | 1 | 1.36 | 8.00 |
| Science - Physics | 0 | 1 | 0 | 1 | 10 | 126 | 126.00 | 0 | 1 | 0.00 | 4.00 |
| History - Other | 0 | 1 | 1 | 1 | 5 | 128 | 128.00 | 0 | 0 | 0.15 | 2.00 |
| Science - Chemistry | 0 | 0 | 0 | 0 | 0 | 0.00 | 0 | 0 | 0.00 | 0.00 | |
| Literature - British | 0 | 0 | 0 | 0 | 0 | 0.00 | 0 | 0 | 0.00 | 0.00 |